00641nam a2200157 a 4500008004100000020001800041050001800059100002200077245005000099260005100149300001900200350001100219995010200230999001700332952013400349180925s1986 ||||||||||||||||| || u a9780268024079 aBC 199.M6 Kon aKonyndyk, Kenneth10aIntroductory modal logiccBy Kenneth Konyndyk aIndiana:bUniversity of Notre Dame Pressc1986 ax, 133p.: ill. a100.00 FCBU-MAIN LIBRARY (Kitwe)I100.00M1UAVAILABLEWJan 30, 2019ZMain Library Open Access Collection c48117d48117 00102lcc4070a001b001cMain Library Open Access Collectiond2022-11-30l0oBC 199.M6 Konp748732r2022-11-30w2022-11-30y002